000
00277nam a22001217a 4500
003
SGT
082
_a
158.1
_b
S95B
100
_a
BREATHNACH, SARAH BAN
245
_a
SIMPLE ABUNDANCE: A DAYBOOK OF COMFORT & JOY
260
_b
WARNER BOOKS
_c
1995
300
_a
648
942
_2
ddc
_c
BK
999
_c
31755
_d
31755